Umrao Jan Ada : (Record no. 41066)
[ view plain ]
| 000 -LEADER | |
|---|---|
| fixed length control field | 00713nam a22002177a 4500 |
| 005 - DATE AND TIME OF LATEST TRANSACTION | |
| control field | 20100811150650.0 |
| 010 ## - LCCN (DPL NO) | |
| LC control number | ENG-99717 |
| 020 ## - INTERNATIONAL STANDARD BOOK NUMBER | |
| International Standard Book Number | 819077834-X |
| Terms of availability | 150.00 |
| 035 ## - SYSTEM CONTROL NUMBER | |
| System control number | EN-83248 |
| 037 ## - SOURCE OF ACQUISITION | |
| Source of stock number/acquisition | DBAD/PUB |
| 082 ## - DEWEY DECIMAL CLASSIFICATION NUMBER | |
| Classification number | 843 |
| 100 ## - MAIN ENTRY--PERSONAL NAME | |
| Personal name | Ruswa, Mirza Mohammad Hadi |
| 245 ## - TITLE STATEMENT | |
| Title | Umrao Jan Ada : |
| Remainder of title | courtesan of Lucknow / |
| Statement of responsibility, etc | by Mirza Mohammad Hadi Ruswa; translated by Khuswant singh & M.A. Husaini |
| 260 ## - PUBLICATION, DISTRIBUTION, ETC. (IMPRINT) | |
| Place of publication, distribution, etc | Hyderabad |
| Name of publisher, distributor, etc | Orient Blackswan |
| Date of publication, distribution, etc | 2009 |
| 270 ## - ADDRESS | |
| Address | 3-6-752 Himayatnagar |
| City | Hyderabad |
| Postal code | 500029 |
| 300 ## - PHYSICAL DESCRIPTION | |
| Extent | xxiii,158p. |
| Dimensions | 21cm (pbk) |
| 500 ## - GENERAL NOTE | |
| General note | includes bibliographical references |
| 700 ## - ADDED ENTRY--PERSONAL NAME | |
| Personal name | Khushwant Singh |
| 9 (RLIN) | 11130 |
| 700 ## - ADDED ENTRY--PERSONAL NAME | |
| Personal name | Husaini, M.A. |
| 9 (RLIN) | 11131 |
| 942 ## - ADDED ENTRY ELEMENTS (KOHA) | |
| Source of classification or shelving scheme | Dewey Decimal Classification |
| Item type | English Books |
| Classification part | 843 |
| Call number suffix | RUS |
No items available.
